000 00824nam a22002057a 4500
003 OSt
005 20250819163830.0
008 241009b |||||||| |||| 00| 0 eng d
040 _c0
082 _aDPer 613.705 J826 January-December 2020 v. 91 n. 1-9
100 _aRoth, Kristi.
_eauthor.
_962629
245 _aAdapted grading in physical education for students with disabilities /
_cKristi Roth.
260 _aVirginia ;
_bAmerican Alliance for Health ,
_cMay/June 2020.
300 _aVolume 91, pages 43-50 :
_billustration ;
_c28 cm.
500 _aThe Journal of Physical Education Recreation & Dance, vol. 91, no. 5, pages 43-50, May/June 2020.
650 0 _aPhysical education.
_950439
650 0 _aStudents with disabilities -- Education.
_938299
700 _aRoth, Kristi.
_eauthor.
_962629
942 _2ddc
_cPER
999 _c22396
_d22396